Oral literature of the Kalenjin / (Record no. 3828)

MARC details
000 -LEADER
fixed length control field 00673cam a22002172 4500
001 - CONTROL NUMBER
control field 0000018906
005 - DATE AND TIME OF LATEST TRANSACTION
control field 20151217145908.0
008 - FIXED-LENGTH DATA ELEMENTS--GENERAL INFORMATION
fixed length control field 100815s xx 000 0 eng d
020 ## - INTERNATIONAL STANDARD BOOK NUMBER
International Standard Book Number 9966468919 :
040 ## - CATALOGING SOURCE
Original cataloging agency KABU
Transcribing agency KABU
100 1# - MAIN ENTRY--PERSONAL NAME
Personal name Chesaina, C.
-- 0000178379
245 10 - TITLE STATEMENT
Title Oral literature of the Kalenjin /
Statement of responsibility, etc. C. Chesaina.
250 ## - EDITION STATEMENT
Edition statement 1st ed.
260 ## - PUBLICATION, DISTRIBUTION, ETC. (IMPRINT)
Place of publication, distribution, etc. Nairobi :
Name of publisher, distributor, etc. E. A. E. P.,
Date of publication, distribution, etc. 1991.
300 ## - PHYSICAL DESCRIPTION
Extent ix, 167 p.
650 #0 - SUBJECT ADDED ENTRY--TOPICAL TERM
Topical term or geographic name as entry element Kalenjin (African people)
General subdivision Folklore.
-- 0000178380
650 #0 - SUBJECT ADDED ENTRY--TOPICAL TERM
Topical term or geographic name as entry element Folk literature, Kalenjin
General subdivision History and criticism.
-- 0000178381
852 1# - LOCATION
-- p415 KES
908 ## - PUT COMMAND PARAMETER (RLIN)
Put command parameter 100815
950 ## - LOCAL HOLDINGS (RLIN)
-- 1
Holdings
Withdrawn status Lost status Source of classification or shelving scheme Not for loan Home library Current library Date acquired Total Checkouts Full call number Barcode Date last seen Price effective from Koha item type Total Renewals Date last checked out
    Library of Congress Classification   Kabarak, Main Campus Kabarak, Main Campus 17/12/2015   PL8349 .C44 1991 c. 2 24509 17/12/2015 17/12/2015 General Collection    
    Library of Congress Classification   Kabarak, Main Campus Kabarak, Main Campus 17/12/2015 15 PL849 .C44 1991 c. 3 24510 12/08/2024 17/12/2015 General Collection 4 26/07/2024
    Library of Congress Classification   Kabarak, Main Campus Kabarak, Main Campus 17/12/2015   PL8349 .C44 1991 c. 1 24508 17/12/2015 17/12/2015 Africana Collection    
Designed with assistance from East African Informatics Ltd